The beginnings of a cartographic tradition

Bibliographic Details
Published in:The history of cartography, J.B. Harley and David Woodward, Chicago [etc.], P. 90-107 (1)
Main Author: Tibbetts, Gerald R.
Content type: Article
Published: 1992
Source:MPIPL_cat
_version_ 1863687004841050112
author Tibbetts, Gerald R.
author_facet Tibbetts, Gerald R.
author_search Tibbetts, Gerald R.
author_sort Tibbetts, Gerald R.
author_variant g r t gr grt
collection_details MPIPL
container_reference P. 90-107
container_start_page 90
container_title Cartography in the traditional Islamic and South Asian societies. vol. 2. 1
dedup_id_str MPIPL_cat.PL0053680
dewey-hierarchy 0/[Unassigned]/
dewey-hierarchy_str 0/[Unassigned]/
first_indexed 2026-03-14T00:40:06Z
format 0/Artikel/
format_str 0/Artikel/
fullrecord <?xml version="1.0" encoding="UTF-8"?> <collection xmlns:xsi="http://www.w3.org/2001/XMLSchema-instance" xsi:schemaLocation="http://www.loc.gov/MARC21/slim http://www.loc.gov/standards/marcxml/schema/MARC21slim.xsd" xmlns="http://www.loc.gov/MARC21/slim"> <record> <leader>00000naa a2200000 u 4500</leader> <controlfield tag="001">PL0053680</controlfield> <controlfield tag="003">PLI01000000000000000053361</controlfield> <controlfield tag="005">00000000000000.0</controlfield> <controlfield tag="008"> ||| u </controlfield> <datafield tag="100" ind1="1" ind2=" "> <subfield code="a">Tibbetts, Gerald R.</subfield> </datafield> <datafield tag="245" ind1="0" ind2="4"> <subfield code="a">The beginnings of a cartographic tradition</subfield> <subfield code="c">Gerald R. Tibbetts</subfield> </datafield> <datafield tag="260" ind1=" " ind2=" "> <subfield code="c">1992</subfield> </datafield> <datafield tag="952" ind1=" " ind2=" "> <subfield code="h">P. 90-107</subfield> </datafield> <datafield tag="996" ind1=" " ind2=" "> <subfield code="a">Aufsatz</subfield> </datafield> <datafield tag="997" ind1=" " ind2=" "> <subfield code="a">book chapter</subfield> </datafield> <datafield tag="773" ind1="0" ind2="8"> <subfield code="t">The history of cartography</subfield> <subfield code="a">J.B. Harley and David Woodward</subfield> <subfield code="k">1</subfield> <subfield code="d">Chicago [etc.]</subfield> <subfield code="g">P. 90-107</subfield> <subfield code="w">MPIPL_cat.PL0053654</subfield> <subfield code="z">0-226-31635-1</subfield> <subfield code="i">In:</subfield> </datafield> </record> </collection>
hierarchy_parent_id MPIPL_cat.PL0053654
hierarchy_parent_title Cartography in the traditional Islamic and South Asian societies. vol. 2. 1
id MPIPL_cat.PL0053680
illustrated Not Illustrated
institution MPIPL_cat
institution_str MPIPL_cat
isbn 9780226316352
0-226-31635-1
language und
language_str und
last_indexed 2026-04-27T23:41:37Z
local_fields Aufsatz
online false
online_MPIPL_cat false
online_str false
publishDate 1992
publishDate_str 1992
record_format marc
spelling Tibbetts, Gerald R.
The beginnings of a cartographic tradition
Gerald R. Tibbetts
1992
The history of cartography
J.B. Harley and David Woodward
1
Chicago [etc.]
P. 90-107
0-226-31635-1
In
spellingShingle Tibbetts, Gerald R.
The beginnings of a cartographic tradition
title The beginnings of a cartographic tradition
title_full The beginnings of a cartographic tradition Gerald R. Tibbetts
title_fullStr The beginnings of a cartographic tradition Gerald R. Tibbetts
title_full_unstemmed The beginnings of a cartographic tradition Gerald R. Tibbetts
title_search The beginnings of a cartographic tradition
title_short The beginnings of a cartographic tradition
title_sort beginnings of a cartographic tradition gerald r tibbetts